Estudios sobre los origenes del peronismo /

Guardat en:
Dades bibliogràfiques
Autor principal: Murmis, Miguel
Altres autors: Portantiero, Juan Carlos
Format: Llibre
Idioma:English
Publicat: Buenos Aires : Siglo Vientiuno Argentina Editores , [1971-73].
Edició:1. ed.
Col·lecció:Sociologia y politica (Siglo Veintiuno Editores)
Matèries:
LEADER 01189nam a2200277 i 4500
001 c000124242
003 CARM
005 00000000000000.0
008 s1971 ag 00000 eng d
019 1 |a 6676853  |z 9072062  |5 LACONCORD2021 
035 |a (OCoLC)826935  |5 LACONCORD2021 
100 1 |a Murmis, Miguel. 
245 1 0 |a Estudios sobre los origenes del peronismo /  |c [por] Miguel Murmis [y] Juan Carlos Portantiero. 
250 |a 1. ed. 
260 |a Buenos Aires :  |b Siglo Vientiuno Argentina Editores ,  |c [1971-73]. 
300 |a 2 v. 
490 0 |a Sociologia y politica (Siglo Veintiuno Editores) 
650 0 |a Working class  |z Argentina. 
650 0 |a Trade-unions  |z Argentina. 
651 0 |a Argentina  |x Economic conditions. 
700 1 |a Portantiero, Juan Carlos. 
852 8 |b CARM  |h A2:AF33G0  |i A00505  |p 0070496  |f BK 
852 8 |b CARM  |h A2:AF33G0  |i A00505  |p 0070498  |f BK 
999 f f |i ace4b31a-a24a-594d-a813-565d7418942a  |s 303a1679-fae9-5991-bfea-5a1f9370b5e0 
952 f f |p Can circulate  |a CAVAL  |b CAVAL  |c CAVAL  |d CARM 1 Store  |e A00505  |f A2:AF33G0  |h Other scheme  |i book  |j v.2 held  |m 0070498 
952 f f |p Can circulate  |a CAVAL  |b CAVAL  |c CAVAL  |d CARM 1 Store  |e A00505  |f A2:AF33G0  |h Other scheme  |i book  |j v.1 held  |m 0070496